| 000 | 00690nam a2200205 i 4500 | ||
|---|---|---|---|
| 001 | 66238 | ||
| 003 | ES-MaACL | ||
| 005 | 20251114103301.0 | ||
| 007 | t| | ||
| 008 | 040129s1976 xxu ||||1| spa d | ||
| 100 | 1 |
_aGalbis, Ignacio R. M. _953341 |
|
| 245 | 1 | 0 |
_aBaroja _b: el lirismo de tono menor / _cIgnacio R.M. Galbis. |
| 260 |
_aNew York : _bEliseo Torres & Sons, _c[1976] |
||
| 300 |
_a243 p. ; _c21 cm. |
||
| 490 | 1 |
_aTorres library of literary studies ; _v27 |
|
| 600 | 1 | 4 |
_aBaroja, Pío, _d1872-1956- _xCrítica e interpretación _925756 |
| 830 | 0 |
_aTorres Library of Literary Studies _v27 _9182740 |
|
| 852 |
_aES-MaACL _jL-6799 _bR.107601 |
||
| 999 |
_c66238 _d66238 |
||